LIBRARY & INFORMATION CENTRE, KCAET, TAVANUR

ONLINE PUBLIC ACCESS CATALOGUE (OPAC)

Elements of Economic Theory / (Record no. 2078)

MARC details
000 -LEADER
fixed length control field 00292cam a2200121ua 4500
082 ## - DEWEY DECIMAL CLASSIFICATION NUMBER
Classification number 330.1
Item number ROL/EL
100 ## - MAIN ENTRY--AUTHOR NAME
Personal name Roll, Erich .
245 ## - TITLE STATEMENT
Title Elements of Economic Theory /
250 ## - EDITION STATEMENT
Edition statement 1 /
260 ## - PUBLICATION, DISTRIBUTION, ETC. (IMPRINT)
Place of publication London :
Name of publisher Oxford University Press ,
Year of publication 1955.
300 ## - PHYSICAL DESCRIPTION
Number of Pages 276 ; .
942 ## - ADDED ENTRY ELEMENTS (KOHA)
Koha item type Books
Holdings
Withdrawn status Lost status Damaged status Home library Current library Date acquired Full call number Accession Number Koha item type
Withdrawn     KAUAET Sanskrit University 07/04/2012 330.1 5074 Books
free website counter